000 00668nam a2200217Ia 4500
001 9909
003 GE_BSU
008 181216s||||||||xx |||||||||||||| ||und||
040 _cGE_BSU
245 _aРеферативный журнал. Математический анализ. 13Б. №03.2014
245 _bМатематический анализ
260 _aМосква
260 _bВинити
260 _c2014
300 _acd
653 _acd
653 _aМатематика
653 _aРеферативный журнал. Математический анализ №03.2014
653 _aმათემატიკა
942 _cCF
999 _c43187
_d43187